Segundo inventario de las estadísticas nacionales, República de Costa Rica 1970

保存先:
書誌詳細
団体著者: Costa Rica. Ministerio de Economía, Industria y Comercio. Dirección General de Estadística y Censos
フォーマット: テキスト
出版事項: San José: MEIC. Sección de Publicaciones de la Dirección
タグ: タグ追加
タグなし, このレコードへの初めてのタグを付けませんか!

MARC

LEADER 00000 a a2200000 04500
001 17359
003
040
090 |a 020200  
110 |a Costa Rica. Ministerio de Economía, Industria y Comercio. Dirección General de Estadística y Censos  
245 |a Segundo inventario de las estadísticas nacionales, República de Costa Rica 1970  
260 |a San José:   |b MEIC. Sección de Publicaciones de la Dirección  
300 |a 187 p.  
999 |c 11338  |d 11338